Library Banner

Culture shock! (Record no. 31550)

MARC details
000 -LEADER
fixed length control field 00500nam a2200193Ia 4500
001 - CONTROL NUMBER
control field 31431
008 - FIXED-LENGTH DATA ELEMENTS--GENERAL INFORMATION
fixed length control field 140416s9999 xx 000 0 und d
020 ## - INTERNATIONAL STANDARD BOOK NUMBER
International Standard Book Number 1-55686-059-4
040 ## - CATALOGING SOURCE
Transcribing agency PK-LaUMT
082 ## - DEWEY DECIMAL CLASSIFICATION NUMBER
Classification number 306.095491
Item number MIT-C
100 ## - MAIN ENTRY--PERSONAL NAME
Personal name Ihsan, Zafar
245 ## - TITLE STATEMENT
Title Culture shock!
Remainder of title Pakistan
Statement of responsibility, etc Ihsan, Zafar<>Mittmann, Karin
260 ## - PUBLICATION, DISTRIBUTION, ETC. (IMPRINT)
Place of publication, distribution, etc Portaland:
Name of publisher, distributor, etc Graphic Arts Center Publishing,
Date of publication, distribution, etc 1991
300 ## - PHYSICAL DESCRIPTION
Extent 223 p.
546 ## - LANGUAGE NOTE
Language note EN
650 ## - SUBJECT ADDED ENTRY--TOPICAL TERM
Topical term or geographic name as entry element Culture
700 ## - ADDED ENTRY--PERSONAL NAME
Personal name Mittmann, Karin
942 ## - ADDED ENTRY ELEMENTS (KOHA)
Koha item type Books
Holdings
Withdrawn status Lost status Source of classification or shelving scheme Damaged status Not for loan Home library Current library Date acquired Total Checkouts Full call number Barcode Date last seen Date checked out Price effective from Koha item type
    Dewey Decimal Classification     UMT Main Campus UMT Main Campus 2014-04-16 2 306.095491 MIT-C 36533 2023-02-15 2022-11-23 2014-05-03 Books
    Dewey Decimal Classification     UMT Main Campus UMT Main Campus 2014-06-23 2 306.095491 MIT-C 38626 2018-10-01 2018-09-06 2014-06-23 Books